[Event "Cologne-ch 05"]
[Site "Cologne"]
[Date "2004.12.18"]
[Round "3"]
[White "Reichelt, Frank"]
[Black "Wiedermann, Lars"]
[Result "1-0"]
[WhiteElo "1989"]
[BlackElo "1643"]
[PlyCount "97"]
[EventDate "2004.12.04"]
[EventType "swiss"]
[EventRounds "7"]
[EventCountry "GER"]
[SourceTitle "EXT 2006"]
[Source "ChessBase"]
[SourceDate "2005.11.24"]
[SourceVersion "1"]
[SourceVersionDate "2005.11.24"]
[SourceQuality "1"]

1. e4 e5 2. Nf3 d6 3. d4 Bg4 4. dxe5 Bxf3 5. Qxf3 dxe5 6. Bc4 Qd7 7. 0-0 Nf6 8. Rd1 Bd6 9. Nc3 0-0 10. Bg5 Qg4 11. Qxg4 Nxg4 12. h3 h6 13. hxg4 hxg5 14. Nb5 Nc6 15. Nxd6 cxd6 16. Rxd6 Rfd8 17. Rad1 Nd4 18. Rxd8+ Rxd8 19. Bd3 Ne6 20. g3 Nc5 21. f3 Kf8 22. Kf2 Ke7 23. Ke3 Rh8 24. Be2 Rh2 25. Rd5 Ne6 26. Rxe5 f6 27. Rb5 b6 28. c3 Nc7 29. Rb4 Rg2 30. a4 g6 31. a5 f5 32. axb6 axb6 33. gxf5 gxf5 34. Bf1 Rxg3 35. exf5 Nd5+ 36. Kf2 Nxb4 37. Kxg3 Nc6 38. f4 Kf6 39. Kg4 gxf4 40. Kxf4 Ne5 41. Ke4 Ng4 42. Bd3 Nf2+ 43. Kd4 Nd1 44. b4 Nb2 45. Bc2 b5 46. Kc5 Na4+ 47. Bxa4 bxa4 48. Kc4 Kxf5 49. b5 1-0

[Event "Cologne Longerich op 3rd"]
[Site "Cologne"]
[Date "2004.07.31"]
[Round "5"]
[White "Boedecker, Arndt"]
[Black "Reichelt, Frank"]
[Result "1/2-1/2"]
[WhiteElo "1785"]
[BlackElo "2002"]
[PlyCount "48"]
[EventDate "2004.06.26"]
[EventType "swiss"]
[EventRounds "7"]
[EventCountry "GER"]
[SourceTitle "EXT 2006"]
[Source "ChessBase"]
[SourceDate "2005.11.24"]
[SourceVersion "1"]
[SourceVersionDate "2005.11.24"]
[SourceQuality "1"]

1. d4 d5 2. c4 e6 3. Nc3 c6 4. Nf3 f5 5. Bf4 Nf6 6. Qc2 Bd6 7. Bxd6 Qxd6 8. Ne5 0-0 9. e3 Ne4 10. Bd3 Nd7 11. Nxd7 Bxd7 12. c5 Qc7 13. f4 Qd8 14. Bxe4 fxe4 15. Nd1 Qh4+ 16. g3 Qg4 17. Qe2 Qxe2+ 18. Kxe2 b6 19. Rc1 Rab8 20. b3 bxc5 21. Rxc5 Rb5 22. Rc2 c5 23. Nc3 cxd4 24. Nxb5 d3+ 1/2-1/2